[Event "77. Alemania ch 2006"]
[Site "Osterburg GER"]
[Date "2006.02.06"]
[Round "4.21"]
[White "Schuster, Martin"]
[Black "Schunk, Eduard"]
[Result "0-1"]
[WhiteElo "2222"]
[BlackElo "2349"]
[PlyCount "80"]
[EventDate "2006.02.04"]
[EventType "swiss"]
[EventRounds "9"]
[EventCountry "GER"]
[Source "lmi"]
[SourceDate "2006.02.11"]

1. e4 e5 2. Nf3 Nc6 3. Bc4 Nf6 4. d4 exd4 5. e5 Ng4 6. O-O d6 7. Bg5 Be7 8.
Bxe7 Qxe7 9. exd6 Qxd6 10. Re1+ Be6 11. h3 Nf6 12. Ng5 Nd8 13. Nd2 O-O 14. Nxe6
Nxe6 15. Nf3 Rad8 16. Bxe6 fxe6 17. Qe2 Rfe8 18. Rad1 c5 19. c3 d3 20. Qe3 c4
21. Qxa7 b5 22. a4 Ra8 23. Qe3 bxa4 24. Ne5 Qc7 25. g4 Ra5 26. Qd4 Rc5 27. g5
Rd8 28. Qe3 Nd5 29. Qe4 Rf8 30. g6 hxg6 31. Nxg6 Rf6 32. Kh1 Qf7 33. Rg1 Rxf2
34. Ne5 Rf4 35. Qg2 Ne3 36. Qg5 Qb7+ 37. Kh2 Rf2+ 38. Kg3 Rg2+ 39. Rxg2 Qxg2+
40. Kh4 Nf5+ 0-1

[Event "77. Alemania ch 2006"]
[Site "Osterburg GER"]
[Date "2006.02.06"]
[Round "4.22"]
[White "Kaeser, Udo"]
[Black "Schuetze, Norman"]
[Result "1/2-1/2"]
[WhiteElo "2343"]
[BlackElo "2161"]
[PlyCount "84"]
[EventDate "2006.02.04"]
[EventType "swiss"]
[EventRounds "9"]
[EventCountry "GER"]
[Source "lmi"]
[SourceDate "2006.02.11"]

1. e4 c5 2. Nf3 Nc6 3. d4 cxd4 4. Nxd4 Nf6 5. Nc3 e5 6. Ndb5 h6 7. Nd5 Nxd5 8.
exd5 a6 9. dxc6 axb5 10. cxd7+ Bxd7 11. Bd3 Bc6 12. O-O Qd5 13. f3 Bc5+ 14. Kh1
O-O 15. Qe2 Bb6 16. Be3 Bxe3 17. Qxe3 Rfe8 18. a3 Qd6 19. Rad1 Qe7 20. c3 Qg5
21. Qe2 e4 22. fxe4 Ra4 23. Qf2 Bxe4 24. Qxf7+ Kh7 25. Qf3 Qg6 26. h3 Bxd3 27.
Qxd3 Qxd3 28. Rxd3 Re2 29. Rf7 Ra6 30. Rg3 Rg6 31. Rxg6 Kxg6 32. Rxb7 Rxb2 33.
a4 Rb3 34. Rb6+ Kf7 35. axb5 Rxc3 36. Rb7+ Kg6 37. Rd7 Rb3 38. Rd6+ Kg5 39. b6
h5 40. Kg1 Rb2 41. Kf1 Kh4 42. Ke1 g5 1/2-1/2

[Event "77. Alemania ch 2006"]
[Site "Osterburg GER"]
[Date "2006.02.07"]
[Round "5.1"]
[White "Khenkin, Igor"]
[Black "Luther, Thomas"]
[Result "1/2-1/2"]
[WhiteElo "2595"]
[BlackElo "2569"]
[PlyCount "68"]
[EventDate "2006.02.04"]
[EventType "swiss"]
[EventRounds "9"]
[EventCountry "GER"]
[Source "lmi"]
[SourceDate "2006.02.11"]

1. c4 Nf6 2. d4 e6 3. Nf3 d5 4. e3 c5 5. cxd5 exd5 6. Bb5+ Bd7 7. Bxd7+ Nbxd7
8. dxc5 Nxc5 9. O-O Be7 10. Nc3 O-O 11. b3 Nce4 12. Bb2 Qa5 13. Ne2 Rac8 14.
Nfd4 Ba3 15. Bxa3 Qxa3 16. f3 Ng5 17. Qd2 Ne6 18. Rac1 Nxd4 19. Nxd4 a6 20. Rc3
Rxc3 21. Qxc3 Re8 22. Rc1 Qe7 23. Kf2 h5 24. Ne2 Qd7 25. Qd4 Rc8 26. Rxc8+ Qxc8
27. Nc3 Qf5 28. h3 Qc2+ 29. Kg1 Qb2 30. h4 Qc1+ 31. Kf2 Qc2+ 32. Kg3 Qc1 33.
Kf2 Qc2+ 34. Kg3 Qc1 1/2-1/2

[Event "77. Alemania ch 2006"]
[Site "Osterburg GER"]
[Date "2006.02.07"]
[Round "5.2"]
[White "Prusikin, Michael"]
[Black "Kritz, Leonid"]
[Result "1/2-1/2"]
[WhiteElo "2563"]
[BlackElo "2561"]
[PlyCount "35"]
[EventDate "2006.02.04"]
[EventType "swiss"]
[EventRounds "9"]
[EventCountry "GER"]
[Source "lmi"]
[SourceDate "2006.02.11"]

1. d4 d5 2. c4 c6 3. Nc3 Nf6 4. e3 a6 5. Nf3 b5 6. cxd5 cxd5 7. Bd3 e6 8. O-O
Bd6 9. Ne5 Bb7 10. f4 O-O 11. Qf3 b4 12. Nd1 Ne4 13. Nf2 f5 14. Qd1 Nd7 15.
Nxe4 dxe4 16. Bc4 Qe7 17. Nxd7 Qxd7 18. Bd2 1/2-1/2

[Event "77. Alemania ch 2006"]
[Site "Osterburg GER"]
[Date "2006.02.07"]
[Round "5.3"]
[White "Henrichs, Thomas"]
[Black "Gustafsson, Jan"]
[Result "1/2-1/2"]
[WhiteElo "2434"]
[BlackElo "2614"]
[PlyCount "50"]
[EventDate "2006.02.04"]
[EventType "swiss"]
[EventRounds "9"]
[EventCountry "GER"]
[Source "lmi"]
[SourceDate "2006.02.11"]

1. d4 Nf6 2. c4 e6 3. Nf3 b6 4. g3 Ba6 5. b3 Bb4+ 6. Bd2 Be7 7. Bg2 c6 8. Bc3
d5 9. Ne5 Nfd7 10. Nxd7 Nxd7 11. Nd2 O-O 12. O-O Rc8 13. e4 b5 14. Re1 dxe4 15.
Bxe4 bxc4 16. bxc4 Nb6 17. Qc2 h6 18. c5 Nd5 19. Rab1 Bf6 20. Nf3 Rb8 21. Bd2
Re8 22. h4 Rxb1 23. Rxb1 e5 24. dxe5 Bxe5 25. Re1 Bb8 1/2-1/2

[Event "77. Alemania ch 2006"]
[Site "Osterburg GER"]
[Date "2006.02.07"]
[Round "5.5"]
[White "Baramidze, David"]
[Black "Koepke, Christian"]
[Result "0-1"]
[WhiteElo "2554"]
[BlackElo "2274"]
[PlyCount "114"]
[EventDate "2006.02.04"]
[EventType "swiss"]
[EventRounds "9"]
[EventCountry "GER"]
[Source "lmi"]
[SourceDate "2006.02.11"]

1. e4 c5 2. Nf3 d6 3. d4 cxd4 4. Nxd4 Nf6 5. Nc3 g6 6. Be3 Bg7 7. f3 Nc6 8. Bc4
O-O 9. Qd2 Bd7 10. O-O-O Rc8 11. Bb3 Nxd4 12. Bxd4 b5 13. Qf2 b4 14. Ne2 Qa5
15. Kb1 Ba4 16. Nc1 Rc6 17. Rd2 Rfc8 18. Rhd1 Bxb3 19. Nxb3 Qc7 20. Qe2 Bh6 21.
Be3 Bxe3 22. Qxe3 Rxc2 23. Qe2 Rc4 24. Rd4 Rxd4 25. Nxd4 a5 26. Nb3 Qb6 27. Qd2
a4 28. Rc1 Rxc1+ 29. Nxc1 Nd7 30. Qd5 Nf6 31. Qd2 Nd7 32. Qg5 Qd4 33. Qb5 Nc5
34. Qe2 h5 35. Qc2 Kh7 36. Ne2 Qf2 37. Nc1 Qd4 38. Ne2 Qf2 39. Nc1 Qg1 40. h3
Qd4 41. Ne2 Qf2 42. Nc1 Qg1 43. Qe2 b3 44. Qd2 Kg8 45. h4 Qf1 46. axb3 Nxb3 47.
Qc3 Qg1 48. Qc8+ Kh7 49. Qc3 e5 50. Qc2 Kg7 51. Qc3 Kf6 52. g3 Qxc1+ 53. Qxc1
Nxc1 54. Kxc1 Ke6 55. Kd2 d5 56. Kc3 dxe4 57. fxe4 f5 0-1

[Event "77. Alemania ch 2006"]
[Site "Osterburg GER"]
[Date "2006.02.07"]
[Round "5.6"]
[White "Bastian, Herbert"]
[Black "Naumann, Alexander"]
[Result "0-1"]
[WhiteElo "2413"]
[BlackElo "2532"]
[PlyCount "108"]
[EventDate "2006.02.04"]
[EventType "swiss"]
[EventRounds "9"]
[EventCountry "GER"]
[Source "lmi"]
[SourceDate "2006.02.11"]

1. e4 c5 2. Nc3 Nc6 3. g3 g6 4. Bg2 Bg7 5. d3 d6 6. Be3 e5 7. Qd2 Nge7 8. Bh6
O-O 9. Bxg7 Kxg7 10. Nge2 Nd4 11. Nxd4 cxd4 12. Ne2 Be6 13. O-O Rc8 14. c3 dxc3
15. bxc3 f6 16. Rab1 b6 17. Rb2 Qd7 18. f4 Bg4 19. Bf3 Bxf3 20. Rxf3 d5 21. Qe3
Nc6 22. Rf1 Rce8 23. f5 dxe4 24. Qxe4 Ne7 25. g4 Qc6 26. Qxc6 Nxc6 27. Ng3 Rd8
28. Rd2 Ne7 29. Ne4 gxf5 30. gxf5 Kf7 31. Rf3 Rg8+ 32. Kf1 Rg4 33. Rdf2 h5 34.
Rg2 Nd5 35. Rgg3 Rdg8 36. Ke2 h4 37. Rxg4 Rxg4 38. a3 Ke7 39. Kf1 a5 40. h3 Rg8
41. c4 Nf4 42. d4 Rc8 43. dxe5 fxe5 44. f6+ Ke6 45. Rb3 Rc6 46. Kf2 a4 47. Rc3
Kf7 48. Kf3 Nh5 49. Kg4 Nxf6+ 50. Nxf6 Kxf6 51. Rc1 Rc5 52. Rf1+ Kg6 53. Rb1
Rxc4+ 54. Kf3 Kf5 0-1

[Event "77. Alemania ch 2006"]
[Site "Osterburg GER"]
[Date "2006.02.07"]
[Round "5.7"]
[White "Sprenger, Jan Michael"]
[Black "Meier, Georg"]
[Result "1-0"]
[WhiteElo "2505"]
[BlackElo "2424"]
[PlyCount "73"]
[EventDate "2006.02.04"]
[EventType "swiss"]
[EventRounds "9"]
[EventCountry "GER"]
[Source "lmi"]
[SourceDate "2006.02.11"]

1. Nf3 Nf6 2. c4 e6 3. Nc3 b6 4. d4 Bb4 5. e3 Ne4 6. Qc2 Bb7 7. Bd3 f5 8. O-O
Bxc3 9. bxc3 O-O 10. Nd2 Qh4 11. f3 Nxd2 12. Bxd2 Nc6 13. a4 Ba6 14. Be1 Qe7
15. e4 Qf7 16. Qe2 Na5 17. e5 c5 18. Bf2 cxd4 19. cxd4 Rfc8 20. Rac1 Rc7 21.
Rc3 Rac8 22. Rfc1 Qf8 23. c5 Bxd3 24. Qxd3 bxc5 25. Qb5 Nb7 26. a5 Nd8 27. d5
exd5 28. Rxc5 Nc6 29. e6 Rb8 30. Qa4 Rcb7 31. exd7 Ne7 32. a6 Rb1 33. Bg3 Ng6
34. Qc2 f4 35. Rc8 Rxc1+ 36. Qxc1 fxg3 37. Rxb8 1-0

[Event "77. Alemania ch 2006"]
[Site "Osterburg GER"]
[Date "2006.02.07"]
[Round "5.8"]
[White "Becker, Michael"]
[Black "Meister, Jakov"]
[Result "1/2-1/2"]
[WhiteElo "2320"]
[BlackElo "2493"]
[PlyCount "152"]
[EventDate "2006.02.04"]
[EventType "swiss"]
[EventRounds "9"]
[EventCountry "GER"]
[Source "lmi"]
[SourceDate "2006.02.11"]

1. e4 e6 2. d3 b5 3. g3 Bb7 4. Bg2 Nf6 5. f4 c5 6. Nf3 a6 7. O-O Qc7 8. a4 b4
9. Nbd2 Be7 10. Nc4 d5 11. exd5 exd5 12. Ne3 O-O 13. Ne5 Nbd7 14. Nf5 Rfe8 15.
Ng4 Bf8 16. Bd2 Re6 17. Re1 Rxe1+ 18. Bxe1 Re8 19. Bf2 d4 20. Nxf6+ Nxf6 21. b3
Bxg2 22. Kxg2 Nd5 23. Qf3 Qd7 24. Nh4 g6 25. Kg1 Ne3 26. Bxe3 dxe3 27. Re1 c4
28. dxc4 e2 29. Qd5 Qe7 30. Qd3 Qe6 31. Nf3 Qh3 32. Qd5 Bg7 33. Ne5 Bxe5 34.
fxe5 Qg4 35. Kg2 Re6 36. Qf3 Qd4 37. Qxe2 h5 38. Qe3 Qd7 39. Re2 Qe7 40. Qe4
Kh7 41. Qd5 f6 42. Re4 fxe5 43. c5 a5 44. c6 Rd6 45. Qxe5 Qxe5 46. Rxe5 Rxc6
47. Re2 Rc3 48. Kf2 Kg7 49. Ke1 Kf6 50. Kd2 Rf3 51. Kc1 Kf5 52. Re8 Rf1+ 53.
Kb2 Kg4 54. Re5 Rf2 55. Rxa5 Rxh2 56. Rb5 Re2 57. a5 Kxg3 58. a6 Re8 59. Rg5+
Kf4 60. Rxg6 h4 61. Rb6 h3 62. Rxb4+ Kg3 63. Ra4 h2 64. Ra1 Ra8 65. b4 Rxa6 66.
Rh1 Kg2 67. Rxh2+ Kxh2 68. b5 Ra8 69. c4 Kg3 70. Kc3 Kf4 71. Kd4 Rd8+ 72. Kc5
Ke5 73. b6 Rc8+ 74. Kb5 Kd6 75. b7 Rb8 76. Kb6 Rxb7+ 1/2-1/2

[Event "77. Alemania ch 2006"]
[Site "Osterburg GER"]
[Date "2006.02.07"]
[Round "5.9"]
[White "Tischbierek, Raj"]
[Black "Degtiarev, Jewgeni"]
[Result "1-0"]
[WhiteElo "2466"]
[BlackElo "2388"]
[PlyCount "63"]
[EventDate "2006.02.04"]
[EventType "swiss"]
[EventRounds "9"]
[EventCountry "GER"]
[Source "lmi"]
[SourceDate "2006.02.11"]

1. c4 c6 2. e4 e5 3. Nf3 d6 4. d4 Nd7 5. Nc3 Ngf6 6. Be2 Be7 7. O-O O-O 8. Re1
Qc7 9. Bf1 a6 10. d5 c5 11. a3 Ne8 12. b4 g6 13. Bh6 Ng7 14. Qd2 b6 15. Rab1 f5
16. exf5 gxf5 17. Ng5 Bxg5 18. Qxg5 Nf6 19. bxc5 bxc5 20. Rb6 Nfe8 21. Rc6 Qf7
22. Rb1 Qg6 23. Rcb6 Qxg5 24. Bxg5 Rf7 25. Be2 Rfa7 26. f4 e4 27. h3 Kf7 28.
Kf2 Kg6 29. Ke3 h6 30. Bh4 h5 31. Bd1 Bd7 32. Be7 1-0

[Event "77. Alemania ch 2006"]
[Site "Osterburg GER"]
[Date "2006.02.07"]
[Round "5.11"]
[White "Meins, Gerlef"]
[Black "Reuss, Andreas"]
[Result "1-0"]
[WhiteElo "2446"]
[BlackElo "2354"]
[PlyCount "69"]
[EventDate "2006.02.04"]
[EventType "swiss"]
[EventRounds "9"]
[EventCountry "GER"]
[Source "lmi"]
[SourceDate "2006.02.11"]

1. d4 d5 2. c4 c6 3. cxd5 cxd5 4. Nf3 Nf6 5. Nc3 Nc6 6. Bf4 Bf5 7. e3 e6 8. Bb5
Nd7 9. Qb3 a6 10. Bxc6 bxc6 11. O-O Qb6 12. Rfc1 Be7 13. Qxb6 Nxb6 14. Bc7 Nd7
15. Na4 Bd3 16. Ne5 Ra7 17. Bb6 Nxb6 18. Nxb6 Rb7 19. Rxc6 Bb5 20. Rc8+ Bd8 21.
a4 Be2 22. Re1 Rxb6 23. Rxe2 f6 24. Nd3 O-O 25. Rec2 Be7 26. Kf1 Bd6 27. R2c6
Rb3 28. Rxf8+ Bxf8 29. Ke2 e5 30. dxe5 fxe5 31. Nxe5 Rxb2+ 32. Kf3 a5 33. Rc8
Rb7 34. Rd8 g6 35. Nd7 1-0

[Event "77. Alemania ch 2006"]
[Site "Osterburg GER"]
[Date "2006.02.07"]
[Round "5.12"]
[White "Heinemann, Thies"]
[Black "Schunk, Thomas"]
[Result "1/2-1/2"]
[WhiteElo "2443"]
[BlackElo "2315"]
[PlyCount "74"]
[EventDate "2006.02.04"]
[EventType "swiss"]
[EventRounds "9"]
[EventCountry "GER"]
[Source "lmi"]
[SourceDate "2006.02.11"]

1. e4 Nc6 2. d4 d5 3. e5 f6 4. f4 Bf5 5. Nf3 Nh6 6. Be2 e6 7. c3 Qd7 8. O-O Be7
9. a4 O-O 10. b4 Kh8 11. Nbd2 Nd8 12. Nb3 b6 13. b5 c5 14. bxc6 Qxc6 15. Qd2 a6
16. Ba3 Bxa3 17. Rxa3 Nb7 18. Rc1 Be4 19. Qe1 fxe5 20. fxe5 Qe8 21. Nbd2 Na5
22. Nxe4 dxe4 23. Nd2 Rf4 24. Qg3 Qe7 25. Qxf4 Qxa3 26. Rb1 Qxc3 27. Qxe4 Rd8
28. Nf3 Nb3 29. Rd1 Nf5 30. Ng5 Re8 31. Nxe6 g6 32. Ng5 Nfxd4 33. Bxa6 Qc5 34.
Kh1 h6 35. Nf3 Nxf3 36. Qxf3 Qxe5 37. g3 Kg7 1/2-1/2

[Event "77. Alemania ch 2006"]
[Site "Osterburg GER"]
[Date "2006.02.07"]
[Round "5.14"]
[White "Hoepfl, Thomas"]
[Black "Heinig, Wolfram"]
[Result "1/2-1/2"]
[WhiteElo "2313"]
[BlackElo "2338"]
[PlyCount "31"]
[EventDate "2006.02.04"]
[EventType "swiss"]
[EventRounds "9"]
[EventCountry "GER"]
[Source "lmi"]
[SourceDate "2006.02.11"]

1. e4 c6 2. Nf3 d5 3. exd5 cxd5 4. Ne5 Nc6 5. d4 Nf6 6. Bg5 Bd7 7. Nxd7 Qxd7 8.
c3 a6 9. Bd3 g6 10. O-O Bg7 11. Re1 O-O 12. Nd2 Qc7 13. Nf3 Nd7 14. Be3 Rfe8
15. Qd2 e5 16. dxe5 1/2-1/2

[Event "77. Alemania ch 2006"]
[Site "Osterburg GER"]
[Date "2006.02.07"]
[Round "5.15"]
[White "Muranyi, Karl-Jasmin"]
[Black "Huschenbeth, Niclas"]
[Result "1-0"]
[WhiteElo "2359"]
[BlackElo "2287"]
[PlyCount "129"]
[EventDate "2006.02.04"]
[EventType "swiss"]
[EventRounds "9"]
[EventCountry "GER"]
[Source "lmi"]
[SourceDate "2006.02.11"]

1. e4 e5 2. Bc4 Nf6 3. Qf3 c6 4. Nc3 g6 5. d3 Bg7 6. h3 O-O 7. g4 d6 8. Nge2
Be6 9. Ng3 b5 10. Bb3 b4 11. Nd1 d5 12. Ne3 a5 13. g5 dxe4 14. dxe4 Nfd7 15.
Bxe6 fxe6 16. Qg4 Qe7 17. Nc4 c5 18. Be3 Nc6 19. c3 bxc3 20. bxc3 Rf4 21. Qd1
Rd8 22. Qd6 Qxd6 23. Nxd6 Nb6 24. Nb7 Rb8 25. Nxc5 Nc4 26. O-O Rf3 27. Kg2 Rxe3
28. fxe3 Nxe3+ 29. Kf3 Nxf1 30. Rxf1 Nd8 31. Rd1 Bf8 32. Nd7 Rc8 33. Nf6+ Kg7
34. Rd7+ Nf7 35. Ne2 h5 36. h4 a4 37. Ra7 a3 38. Rc7 Rd8 39. Nd7 Bd6 40. Rb7
Rc8 41. Nf6 Kf8 42. Rb3 Be7 43. Rb8 Rxb8 44. Nd7+ Ke8 45. Nxb8 Nd8 46. Nc1 Bd6
47. Na6 Kd7 48. Nd3 Kc6 49. c4 Kb6 50. c5+ Kxa6 51. cxd6 Nf7 52. d7 Kb6 53.
d8=Q+ Nxd8 54. Nxe5 Kc5 55. Ke3 Nc6 56. Nxg6 Kc4 57. Nf4 Kc3 58. Nd3 Ne7 59.
Ne5 Kb2 60. Kd2 Kxa2 61. Kc2 Ka1 62. g6 Nxg6 63. Nxg6 e5 64. Nxe5 a2 65. Ng4
1-0

[Event "77. Alemania ch 2006"]
[Site "Osterburg GER"]
[Date "2006.02.07"]
[Round "5.17"]
[White "Knuth, Hannes"]
[Black "Michalczak, Thomas"]
[Result "1/2-1/2"]
[WhiteElo "2283"]
[BlackElo "2361"]
[PlyCount "120"]
[EventDate "2006.02.04"]
[EventType "swiss"]
[EventRounds "9"]
[EventCountry "GER"]
[Source "lmi"]
[SourceDate "2006.02.11"]

1. d4 Nf6 2. c4 c5 3. d5 b5 4. cxb5 a6 5. b6 Qxb6 6. Nc3 d6 7. Nf3 g6 8. Nd2
Bg7 9. Nc4 Qc7 10. g3 O-O 11. Bg2 Nbd7 12. Na4 a5 13. Bd2 Ba6 14. b3 Bb7 15.
Bc3 e6 16. Ne3 exd5 17. Nxd5 Nxd5 18. Bxd5 Bxd5 19. Qxd5 Nb6 20. Qf3 Nxa4 21.
Bxg7 Kxg7 22. bxa4 Rab8 23. h4 h5 24. O-O Rb4 25. a3 Rxa4 26. Rab1 Rb8 27. Qc3+
Kg8 28. Rxb8+ Qxb8 29. Rd1 Re4 30. e3 Qb6 31. Qd3 Re6 32. Rb1 Qc7 33. Qd5 Re7
34. Qa8+ Kg7 35. Rb8 c4 36. Rc8 Qb7 37. Rg8+ Kf6 38. Qxa5 Re5 39. Qd8+ Qe7 40.
Qa8 Rc5 41. Qf3+ Rf5 42. Qd1 c3 43. Rc8 Rc5 44. Rxc5 dxc5 45. Qd3 Qe5 46. f4
Qc7 47. Qxc3+ Kf5 48. Kf2 Qc6 49. Qc2+ Kf6 50. Qc4 Qb6 51. Kf3 Kg7 52. e4 Qb1
53. Qc3+ Kg8 54. e5 Qf1+ 55. Ke3 Qg2 56. Qe1 Qb2 57. Kd3 Qxa3+ 58. Qc3 Qa6+ 59.
Qc4 Qa3+ 60. Qc3 Qa6+ 1/2-1/2

[Event "77. Alemania ch 2006"]
[Site "Osterburg GER"]
[Date "2006.02.07"]
[Round "5.18"]
[White "Schunk, Eduard"]
[Black "Bischoff, Dieter"]
[Result "1-0"]
[WhiteElo "2349"]
[BlackElo "2147"]
[PlyCount "111"]
[EventDate "2006.02.04"]
[EventType "swiss"]
[EventRounds "9"]
[EventCountry "GER"]
[Source "lmi"]
[SourceDate "2006.02.11"]

1. e4 c5 2. Nf3 d6 3. c3 Nf6 4. Be2 Bg4 5. O-O e6 6. h3 Bh5 7. d3 Be7 8. Bf4
O-O 9. Nbd2 Nc6 10. Bh2 e5 11. a4 a6 12. Nc4 b5 13. Ne3 Bxf3 14. Bxf3 Qb6 15.
axb5 axb5 16. Qb3 Rfb8 17. g4 Qb7 18. g5 Ne8 19. h4 Nc7 20. Bg4 Na5 21. Qc2 b4
22. c4 Ne6 23. f4 exf4 24. Nd5 Nc6 25. Rad1 Ncd4 26. Qf2 Bf8 27. Bxf4 Nxf4 28.
Qxf4 Ne6 29. Qg3 Ra2 30. Rd2 Rba8 31. Qh3 Nd4 32. Rdf2 Ra1 33. Bh5 Rxf1+ 34.
Qxf1 g6 35. Nf6+ Kh8 36. Nxh7 Bg7 37. Rxf7 Qc8 38. Rxg7 gxh5 39. Rf7 Qg4+ 40.
Kh2 Qxh4+ 41. Qh3 Nf3+ 42. Rxf3 Qxh3+ 43. Kxh3 Kxh7 44. Kh4 Kg7 45. Rf2 Ra1 46.
Kxh5 Rd1 47. Rf3 Rb1 48. Rf6 Rxb2 49. Rxd6 Rh2+ 50. Kg4 b3 51. Kf5 b2 52. Rd7+
Kf8 53. Rb7 Rd2 54. Kf6 Rf2+ 55. Ke6 Rd2 56. e5 1-0

[Event "77. Alemania ch 2006"]
[Site "Osterburg GER"]
[Date "2006.02.07"]
[Round "5.19"]
[White "Schoene, Ralf"]
[Black "Reipsch, Jens"]
[Result "1/2-1/2"]
[WhiteElo "2339"]
[BlackElo "2293"]
[PlyCount "38"]
[EventDate "2006.02.04"]
[EventType "swiss"]
[EventRounds "9"]
[EventCountry "GER"]
[Source "lmi"]
[SourceDate "2006.02.11"]

1. d4 Nf6 2. c4 c5 3. d5 b5 4. Nd2 g6 5. e4 d6 6. Ngf3 Bg7 7. Qc2 O-O 8. Be2
Nbd7 9. O-O Ng4 10. cxb5 a6 11. h3 Nge5 12. Nxe5 Nxe5 13. b6 Nd7 14. b7 Bxb7
15. Nc4 a5 16. Bd2 Ne5 17. Ne3 Ba6 18. Bc3 Bxe2 19. Qxe2 a4 1/2-1/2

[Event "77. Alemania ch 2006"]
[Site "Osterburg GER"]
[Date "2006.02.07"]
[Round "5.20"]
[White "Zuse, Klaus-Peter"]
[Black "Kaeser, Udo"]
[Result "0-1"]
[WhiteElo "2333"]
[BlackElo "2343"]
[PlyCount "92"]
[EventDate "2006.02.04"]
[EventType "swiss"]
[EventRounds "9"]
[EventCountry "GER"]
[Source "lmi"]
[SourceDate "2006.02.11"]

1. e4 e5 2. f4 Nc6 3. Bc4 Bc5 4. Nf3 d6 5. c3 Nf6 6. d3 Qe7 7. b4 Bb6 8. a4 a5
9. b5 Nb8 10. fxe5 dxe5 11. Ra2 Nbd7 12. Re2 Bc5 13. Bg5 h6 14. Bh4 g5 15. Bg3
Nh5 16. d4 Nxg3 17. hxg3 Bd6 18. O-O f6 19. Nbd2 Nb6 20. Re3 Bd7 21. Be2 h5 22.
Nb3 h4 23. gxh4 g4 24. Nh2 exd4 25. cxd4 Bxh2+ 26. Kxh2 Rxh4+ 27. Kg3 f5 28.
Qc1 O-O-O 29. Rc3 Rdh8 30. Qf4 c6 31. bxc6 Bxc6 32. Rxc6+ bxc6 33. Ba6+ Kd7 34.
Nc5+ Ke8 35. Qb8+ Kf7 36. Rxf5+ Kg7 37. Qxb6 Rh3+ 38. Kf4 Qd6+ 39. Re5 Qf6+ 40.
Rf5 Qd6+ 41. Re5 Rf8+ 42. Kxg4 Qg6+ 43. Rg5 Rg3+ 44. Kxg3 Qxg5+ 45. Kh2 Rh8+
46. Kg1 Qe3+ 0-1

[Event "77. Alemania ch 2006"]
[Site "Osterburg GER"]
[Date "2006.02.07"]
[Round "5.21"]
[White "Gikas, Andreas Basilius"]
[Black "Namyslo, Holger"]
[Result "1/2-1/2"]
[WhiteElo "2231"]
[BlackElo "2279"]
[PlyCount "43"]
[EventDate "2006.02.04"]
[EventType "swiss"]
[EventRounds "9"]
[EventCountry "GER"]
[Source "lmi"]
[SourceDate "2006.02.11"]

1. e4 e6 2. d4 d5 3. Nc3 Nf6 4. e5 Nfd7 5. f4 c5 6. Nf3 Nc6 7. Be3 Qb6 8. Na4
Qa5+ 9. c3 cxd4 10. b4 Nxb4 11. cxb4 Bxb4+ 12. Bd2 Bxd2+ 13. Nxd2 b6 14. Nb2
O-O 15. Bd3 Nc5 16. O-O Qc3 17. Rf3 Qxb2 18. Rb1 Qxa2 19. Ra1 Qb2 20. Rb1 Qa2
21. Ra1 Qb2 22. Rb1 1/2-1/2

[Event "77. Alemania ch 2006"]
[Site "Osterburg GER"]
[Date "2006.02.07"]
[Round "5.22"]
[White "Holzschuh, Stephan"]
[Black "Schuetze, Norman"]
[Result "1-0"]
[WhiteElo "2257"]
[BlackElo "2161"]
[PlyCount "101"]
[EventDate "2006.02.04"]
[EventType "swiss"]
[EventRounds "9"]
[EventCountry "GER"]
[Source "lmi"]
[SourceDate "2006.02.11"]

1. e4 c5 2. Nc3 e6 3. Nf3 d6 4. d4 cxd4 5. Nxd4 a6 6. Be3 Nf6 7. Be2 Nbd7 8. f4
b5 9. a3 Bb7 10. Bf3 Qc7 11. Qe2 Rc8 12. O-O Be7 13. Bf2 h6 14. Rae1 g5 15. e5
Bxf3 16. Nxf3 Ng4 17. exd6 Bxd6 18. Nd4 Nxf2 19. Nxe6 Qc4 20. Rxf2 Qxe2 21.
Rfxe2 gxf4 22. Nd5 f3 23. gxf3 f6 24. Nec7+ Kf8 25. Re8+ Rxe8 26. Rxe8+ Kg7 27.
Rxh8 Kxh8 28. Nxa6 Ne5 29. f4 Nc4 30. Nac7 Nxb2 31. Nxb5 Bc5+ 32. Kg2 Nc4 33.
a4 Kg7 34. Kf3 Kg6 35. Nbc3 Na3 36. Ne3 Bxe3 37. Kxe3 Nxc2+ 38. Ke4 Nb4 39. Nd5
Nc6 40. Nb6 Na5 41. Nc8 Nc6 42. Kd5 Nb4+ 43. Ke6 Na6 44. Ne7+ Kg7 45. a5 h5 46.
Nd5 Nc5+ 47. Kf5 Nb3 48. a6 Nd4+ 49. Ke4 Nc6 50. Nc7 Na7 51. Kf5 1-0

[Event "77. Alemania ch 2006"]
[Site "Osterburg GER"]
[Date "2006.02.07"]
[Round "5.23"]
[White "Rathje, Christian"]
[Black "Schuster, Martin"]
[Result "0-1"]
[WhiteElo "2130"]
[BlackElo "2222"]
[PlyCount "136"]
[EventDate "2006.02.04"]
[EventType "swiss"]
[EventRounds "9"]
[EventCountry "GER"]
[Source "lmi"]
[SourceDate "2006.02.11"]

1. e4 c6 2. d4 d5 3. e5 Bf5 4. h4 h5 5. c4 e6 6. Nc3 dxc4 7. Bxc4 Nd7 8. Bg5
Be7 9. Qd2 Nb6 10. Bb3 Bxg5 11. hxg5 Ne7 12. Nge2 Qd7 13. Ng3 O-O-O 14. Rxh5
Rxh5 15. Nxh5 Bg6 16. Ng3 Qxd4 17. O-O-O Qxd2+ 18. Rxd2 Ned5 19. Bxd5 cxd5 20.
Rd1 a6 21. b3 Kb8 22. Kd2 Nc8 23. Nce2 Ne7 24. f4 Nf5 25. Nxf5 Bxf5 26. Rh1 g6
27. Rh7 Rd7 28. Rh8+ Kc7 29. Nd4 Kb6 30. Rc8 Bg4 31. Ke3 Rc7 32. Rxc7 Kxc7 33.
Kd3 Bh5 34. Nc2 Bg4 35. Ne3 Bf5+ 36. Kd4 Kc6 37. a3 b6 38. g3 a5 39. Nf1 Bh3
40. Nd2 Bf5 41. Kc3 Bg4 42. Nf1 Kc5 43. b4+ Kb5 44. Ne3 Bf5 45. Kb3 axb4 46.
axb4 d4 47. Nf1 Be4 48. Nd2 Bd5+ 49. Ka3 Bb7 50. Kb3 Bc6 51. Kc2 Kxb4 52. Kd3
Kc5 53. Nb3+ Kd5 54. Nxd4 Bb7 55. g4 Ba6+ 56. Ke3 b5 57. Nc2 Bb7 58. Kd3 Kc5
59. Kc3 Bf3 60. Ne3 b4+ 61. Kb3 Kd4 62. Nc2+ Ke4 63. Kxb4 Kxf4 64. Kc4 Kxe5 65.
Nd4 Kf4 66. Kd3 Bxg4 67. Nc6 Kxg5 68. Ke3 f6 0-1

[Event "77. Alemania ch 2006"]
[Site "Osterburg GER"]
[Date "2006.02.07"]
[Round "6.1"]
[White "Gustafsson, Jan"]
[Black "Khenkin, Igor"]
[Result "1/2-1/2"]
[WhiteElo "2614"]
[BlackElo "2595"]
[PlyCount "35"]
[EventDate "2006.02.04"]
[EventType "swiss"]
[EventRounds "9"]
[EventCountry "GER"]
[Source "lmi"]
[SourceDate "2006.02.11"]

1. d4 Nf6 2. c4 e6 3. Nf3 d5 4. g3 dxc4 5. Bg2 Bb4+ 6. Bd2 a5 7. Qc1 Bxd2+ 8.
Nbxd2 b5 9. b3 cxb3 10. Nxb3 O-O 11. Ne5 Nd5 12. O-O b4 13. Qd2 Bd7 14. Rfc1
Bb5 15. Nc5 Ra7 16. a3 Nc3 17. Bf3 Na6 18. axb4 1/2-1/2

[Event "77. Alemania ch 2006"]
[Site "Osterburg GER"]
[Date "2006.02.07"]
[Round "6.2"]
[White "Kritz, Leonid"]
[Black "Sprenger, Jan Michael"]
[Result "1-0"]
[WhiteElo "2561"]
[BlackElo "2505"]
[PlyCount "67"]
[EventDate "2006.02.04"]
[EventType "swiss"]
[EventRounds "9"]
[EventCountry "GER"]
[Source "lmi"]
[SourceDate "2006.02.11"]

1. e4 c5 2. Nf3 d6 3. d4 cxd4 4. Nxd4 Nf6 5. Nc3 a6 6. Be3 e5 7. Nb3 Be6 8. f3
Nbd7 9. Qd2 b5 10. O-O-O Rc8 11. g4 Nb6 12. Qf2 Rxc3 13. Bxb6 Rxf3 14. Qxf3
Qxb6 15. Bh3 h6 16. Kb1 Be7 17. Nc1 O-O 18. Ne2 Rc8 19. g5 hxg5 20. Bxe6 fxe6
21. Ng3 Rc4 22. Rhe1 a5 23. Nh5 a4 24. Re2 Qc6 25. Qh3 Kf7 26. Rf1 a3 27. Nxf6
Bxf6 28. Qxa3 d5 29. Qg3 Kg8 30. Qg2 Ra4 31. h4 Qa8 32. a3 Be7 33. hxg5 Bxa3
34. Qf3 1-0